000 00470cam a22001337a 4500
008 180718b2000 xxu||||| |||| 00| 0 eng d
082 _aA81x54 91/27/PT11
100 _aCensus of India 1991
245 _aAndaman and Nicobar Islands: census atlas
260 _aDelhi
_bThe Controller of Publications
_c2000
300 _a111+p.
440 _aCensus of India 1991. Series-27, Andaman and Nicobar Islands. Part XI
650 _aAndaman and Nicobar Islands - Atlases - Census
999 _c486054
_d486054